000 00643nam a2200217 a 4500
001 13526
003 CO-ViMGA
008 141112s2004 ck r 000 u spa d
020 _a9586481514
040 _aCO-ViMGA
_bspa
_cCO-ViMGA
082 0 4 _a370.157 B336p
100 1 _aBedoya M, Jose I
_919711
245 1 0 _aPedagogia :
_benseñar a pensar
260 _aSantafé de Bogotá :
_bEcoe,
_c1998
300 _a146 P
490 _aTextos universitarios
500 _aReflexion filosofica sobre el proceso de enseñar
650 1 4 _aAPTITUD CREADORA PENSAMIENTO
_919712
650 1 4 _aPENSAMIENTO CREATIVO(educación)
_919713
942 _2ddc
_cBK
999 _c24252
_d24252